Language Quiz

Random Language or Chinese Quiz

Select the correct Chinese characters: restaurant unit Quiz Stats

 Plays Quiz not verified by Sporcle

Challenge
Share
Tweet
Embed
Score 0/9 Timer 03:00
0 Plays Today
Question Answer Wrong Answers
Zhōngguó chéng 中国城
87.8%
中国垭
2%
中国塬
4.1%
中国域
6.1%
Hěn è 很饿
85.7%
很娥
5.1%
很蛾
3.1%
很俄
6.1%
Diǎn cài 点菜
78.6%
点菒
6.1%
点彩
4.1%
点采
0%
mǎidān 买单
76.5%
卖单
6.1%
头单
1%
实单
8.2%
lái yipán 来一盘
73.5%
苿一盘
4.1%
夹一盘
8.2%
米一盘
5.1%
fúwùyuán 服务员
72.4%
服各员
9.2%
服夅员
3.1%
服条员
12.2%
Càidān 菜单
71.4%
菜単
10.2%
菜郸
3.1%
菜草
4.1%
Bié fàng 别放
68.4%
剐放
5.1%
另放
12.2%
男放
2%
Děng yīhuǐr 等一会儿
67.3%
筀一会儿
2%
筹一会儿
5.1%
筝一会儿
13.3%

You're not logged in!

Compare scores with friends on all Sporcle quizzes.
Join for Free
OR
Log In

You Might Also Like...

Show Comments

Extras

Created Mar 27, 2017ReportNominate
Tags:Chinese Quiz, character, unit

Top Quizzes Today


Score Distribution

Your Account Isn't Verified!

In order to create a playlist on Sporcle, you need to verify the email address you used during registration. Go to your Sporcle Settings to finish the process.

Report this User

Report this user for behavior that violates our Community Guidelines.

Details: